Quản lý tài chính ngân sách xã
Giới thiệu mục tiêu, đối tượng và nội dung các chuyên đề nhằm đào tạo chủ tịch xã, phường, thị trấn cụ thể như: Quản lí tài chính, tổ chức lập dự toán, chấp hành và quyết toán ngân sách xã, phường, thị trấn....
שמור ב:
| מחבר ראשי: | |
|---|---|
| מחבר תאגידי: | |
| פורמט: | ספר |
| שפה: | Undetermined |
| יצא לאור: |
Hà Nội
Chính trị Quốc gia
2005
|
| נושאים: | |
| תגים: |
הוספת תג
אין תגיות, היה/י הראשונ/ה לתייג את הרשומה!
|
| Thư viện lưu trữ: | Trung tâm Học liệu Trường Đại học Cần Thơ |
|---|
| LEADER | 01004nam a2200217Ia 4500 | ||
|---|---|---|---|
| 001 | CTU_111645 | ||
| 008 | 210402s9999 xx 000 0 und d | ||
| 020 | |c 28000 | ||
| 082 | |a 658.1511 | ||
| 082 | |b H305 | ||
| 100 | |a Nguyễn, Ngọc Hiến | ||
| 110 | |a Học viện Hành chính Quốc gia | ||
| 245 | 0 | |a Quản lý tài chính ngân sách xã | |
| 245 | 0 | |c Nguyễn Ngọc Hiến (Chủ biên) | |
| 260 | |a Hà Nội | ||
| 260 | |b Chính trị Quốc gia | ||
| 260 | |c 2005 | ||
| 520 | |a Giới thiệu mục tiêu, đối tượng và nội dung các chuyên đề nhằm đào tạo chủ tịch xã, phường, thị trấn cụ thể như: Quản lí tài chính, tổ chức lập dự toán, chấp hành và quyết toán ngân sách xã, phường, thị trấn. | ||
| 650 | |a Managerial accounting,Financial management | ||
| 904 | |i Giang | ||
| 980 | |a Trung tâm Học liệu Trường Đại học Cần Thơ | ||